01357aam a2200289 a 4500001001900000003000400019005001700023008004100040017003900081020001800120035002500138035002200163040003400185041001800219043003000237080002700267080003400294245011000328246002100438260005300459300003700512500012200549505028800671546004600959650004301005700001901048991016710189706706OSt20211222132733.0150525s2015 spca||| |||||0|| 0 cat|c aDL ME 212-2015bOficina DL Menorca a9788484786535 a(ES-BaCBU).b63381497 a(OCoLC)1286265368 aES-BaCBUbcatcES-BaCBUdCDMR0 acataspaaeng ae-sp---be-spc--2catmarc a77.044x(460.23)22004 a913x(460.23)x(084.12)2200400a1 dia, 1 foto :b31 fotògrafs, 365 dies : Catalunya 2014 /c[amb textos de: Laura Terré ... [et al.]]3 aUn dia, una foto a[Sant Lluís, Menorca] :bTriangle Books,c2015 a383 p. :bil. col. ;c25 x 30 cm aPublicat amb motiu de l'exposició celebrada a Arts Santa Mònica, Barcelona, de l'1 de gener al 12 d'abril de 20158 aConté: Jordi Cotrina, Joan Guerrero, Santi Cogolludo, Francesc Melcion, Susanna Sáez, Quique García, Àlex Garcia, Danny Caminal, Ana Jiménez, Laura Guerrero, David Airob, Albert Masias, Marcel·lí Sàenz, Cristina Calderer, Pere Toredera, Toni Albir, Julio Carbó, etc. aTextos en català, castellà i anglès 0aFotoperiodismezCatalunyaxExposicions1 aTerré, Laura